000 00648cam a2200229 a 4500
001 1387294
005 20180123033154.0
008 820203s1982 nyua b 001 0 eng
010 _a 82001034
020 _a0898850541
040 _aDLC
_cDLC
_dDLC
_dOCoLC
041 _aeng
043 _an-us---
080 _a370..973 kev
082 0 0 _a370..973 kev
_219
100 _a46
101 _aedu
245 0 0 _aMonitoring educational outcomes and public attitudes /
_cedited by Kevin J. Gilmartin, Robert J. Rossi.
504 _aIncludes bibliographies and index.
906 _a7
_bcbc
_corignew
_d1
_eocip
_f19
_gy-gencatlg
942 _2ddc
_cBK
999 _c40699
_d40699